Project analysis in developing countries / (Registro nro. 5634)

Detalles MARC
000 -CABECERA
Campo de control 00847cam a2200241 i 4500
005 - FECHA Y HORA DE LA ULTIMA TRANSACCION
Campo de control 20191224041811.0
008 - ELEMENTOS DE LONGITUD FIJA—INFORMACION GENERAL
Campo de control 921009s1993 nyua b 001 0 eng
020 ## - ISBN
ISBN 0312094329 (New York)
020 ## - ISBN
ISBN 0333494504 (Houndsmill)
040 ## - FUENTE DE CATALOGACIÓN
Agencia catalogadora original DLC
Agencia transcriptora DLC
Agencia Modificadora DLC
-- CO-BoIAVH
041 0# - IDIOMA
Código de idioma para texto/pista de sonido o título separado Inglés
043 ## - GEOGRAPHIC AREA CODE
Geographic area code d------
082 04 - NUMERO DE CLASIFICACION DECIMAL DEWEY
Número de clasificación 338.90091724
Número del ítem C97p
100 1# - ASIENTO PRINCIPAL--NOMBRE PERSONAL
Nombre personal Curry, Steve
9 (RLIN) 56112
245 10 - MENCION DE TITULO
Título Project analysis in developing countries /
Mención de responsabilidad Steve Curry and John Weiss.
260 ## - PUBLICACION, DISTRIBUCION, ETC. (PIE DE IMPRENTA)
Lugar de publicación, distribución, etc. New York, N.Y. :
Nombre del editor, distribuidor, etc. St. Martin's Press,
Fecha de publicación, distribución, etc. 1993.
300 ## - DESCRIPCION FISICA
Extensión xvii, 306 páginas :
Otros detalles físicos ilustraciones ;
Dimensiones 23 cm.
504 ## - NOTA DE BIBLIOGRAFIA, ETC.
Nota de bibliografía Incluye referencias bibliográficas e índice.
650 14 - ASIENTO SECUNDARIO DE MATERIA - TERMINO TEMATICO
Término temático o nombre geográfico como elemento de entrada Proyectos de desarrollo económico
9 (RLIN) 29727
650 24 - ASIENTO SECUNDARIO DE MATERIA - TERMINO TEMATICO
Término temático o nombre geográfico como elemento de entrada Países en desarrollo
Subdivisión general Política económica
9 (RLIN) 56114
700 1# - ASIENTO SECUNDARIO - NOMBRE PERSONAL
Nombre personal Weiss, John,
Fechas asociadas con el nombre 1948-,
Término de relación autor
9 (RLIN) 56115
942 ## - ELEMENTOS ADICIONALES (KOHA)
Sistema de clasificación Dewey Decimal Classification
Tipo de ítem Libro
Existencias
Withdrawn status Lost status Sistema de Clasificación Damaged status No para préstamo Colección Inventariado Ubicación Permanente Ubicación actual Fecha de adquisición Fuente de Valor Valor Total Checkouts Número topográfico Inventario / Código de Barras Date last seen Ejemplar Price effective from Forma de adquisición Tipo de material
    Dewey Decimal Classification     General Inventariado 2017 Bogotá Bogotá 20/06/2007 Instituto 39000.00   LB-338.90091724 C97p 024536 04/12/2012 Ej.1 04/12/2012   Libro